| 000 | 01090nam a2200229 i 4500 | ||
|---|---|---|---|
| 001 | 40582 | ||
| 003 | ES-MaACL | ||
| 005 | 20250820063028.0 | ||
| 007 | t| | ||
| 008 | 030306q1900 sp ||||1| spa d | ||
| 100 | 0 |
_aCarreras y Lastortras, Luis, _d1840-1888 _935690 |
|
| 245 | 1 | 0 |
_aBoet _b: El Toison de Oro / _cpor Luis Carreras [y Lastortras] ; ilustado por Esusebio Planas. |
| 260 |
_aBarcelona : _bSalvador Manero, _c[1900?] |
||
| 300 |
_a891, II, p., 4 lám. ; _c19 cm. |
||
| 505 | 8 | _aContiene la historia del proceso con minuciosos e interesantes detalles, intrigas fraguadas, vida y privada de D. Carlos la de Boet, documentos importantes de los tribunales que han intervenido. Historia y publicación de todos los papeles secretos, con inclusión de las cartas pederásticas... | |
| 600 | 1 | 4 |
_aGonzález Boet, Carlos. _9153057 |
| 610 | 2 | 4 |
_aOrden del Toisón de Oro. _96043 |
| 700 | 0 |
_aPlanas, Eusebio, _d1833-1897 _992519 |
|
| 700 | 1 |
_aBorbón y Austria-Este, Carlos de, _cDuque de Madrid, _d1848-1909 _9153058 |
|
| 852 |
_aES-MaACL _jD-2514 |
||
| 999 |
_c40582 _d40582 |
||